The Cold Quiz Stats

 Plays Quiz Updated Oct 29, 2018

Score 0/24 Timer 07:00
0 Plays Today
Hint Answer % Correct
Post-WWII conflict between the United States and the Soviet UnionCold War
93.9%
An unsolved crime or the CBS television dramaCold Case
91.3%
To give up a habit or addiction all at onceCold Turkey
89.1%
A show of deliberate indifference; I was often given this in high schoolCold Shoulder
88.4%
Another term for a fever blisterCold Sore
87.2%
A variety of sliced meat for sandwichesColdcuts
86%
Revenge is a dish...Best Served Cold
77.5%
To be knocked unconscious or a 2001 snowboarding movie which left me unconsciousOut Cold
76.7%
WWE's Steve Austin's nicknameStone Cold
71.6%
Zone separating two air masses characterized by changes in precipitation & temperatureCold Front
66.7%
An onset of uncertainty or cowardiceCold Feet
63.9%
Popular holiday duet written by Frank LoesserBaby It's Cold Outside
54.1%
Hint Answer % Correct
Pond's and Noxzema are popular brands of this type of skin productCold Cream
52.5%
Chris Martin, Jonny Buckland, Guy Berryman and Will ChampionColdplay
47.7%
The hypothetical nuclear mixing of atoms at conditions close to room temperatureCold Fusion
47.6%
Truman Capote's 1966 bookIn Cold Blood
38.4%
1977 hit song from ForeignerCold as Ice
37.9%
Charles Frazier's novel that was later a Anthony Minghella directed movieCold Mountain
22.4%
Tone Lōc's 1989 hip hop hit singleFunky Cold Medina
20.2%
1988 Paula Abdul hit songCold Hearted
17.8%
John le Carré's spy novel later a film with Richard BurtonThe Spy Who Came in from the Cold
15.5%
A comic novel by Stella Gibbons remade into a UK made-for-TV film with Kate BeckinsaleCold Comfort Farm
4.9%
2003 Mike Figgis film with Dennis Quaid and Sharon StoneCold Creek Manor
3.6%
1984 novel by Olive Ann BurnsCold Sassy Tree
2.8%

You're not logged in!

Compare scores with friends on all Sporcle quizzes.
OR
Log In

Sporcle TV

Today on Sporcle TV


Watch our educational content, quiz creation guides, and fun videos on Sporcle TV.

Show Comments

Extras

Top Quizzes Today


Score Distribution

Your Account Isn't Verified!

In order to create a playlist on Sporcle, you need to verify the email address you used during registration. Go to your Sporcle Settings to finish the process.

Report this User

Report this user for behavior that violates our Community Guidelines.

Details: